Canaletto
Uloženo v:
| Hlavní autor: | |
|---|---|
| Médium: | Kniha |
| Jazyk: | italština |
| Vydáno: |
Milán
Aldo Martello
1958
|
| Edice: | Collana: La Minima
|
| Témata: | |
| Tagy: |
Přidat tag
Žádné tagy, Buďte první, kdo vytvoří štítek k tomuto záznamu!
|
MARC
| LEADER | 00000nam a2200000 a 4500 | ||
|---|---|---|---|
| 001 | UCK4572 | ||
| 003 | CL-VaPUC | ||
| 008 | 050610e19580000IT |||||||||||||||||ita|d | ||
| 082 | 0 | 4 | |a 759.04 |b PAL |2 21 |
| 100 | |a Pallucchini, Anna |e autore |9 493123 | ||
| 245 | 1 | 0 | |a Canaletto |
| 300 | |a 50 p | ||
| 942 | |c BK | ||
| 945 | |d 20050610 00:00:00 |a jcarroza | ||
| 260 | |a Milán |b Aldo Martello |c 1958 | ||
| 650 | 0 | |a Pintura italiana |9 265293 | |
| 650 | 0 | |a Pintores italianos |9 265277 | |
| 650 | 0 | |a Biografías |9 255210 | |
| 583 | |a last modification |c 20050610 00:00:00 |k Rodrigo Vera | ||
| 490 | 0 | |a Collana: La Minima | |
| 999 | |c 313399 |d 313397 | ||
| 952 | |0 0 |1 0 |4 0 |6 759_040000000000000_PAL_1958 |7 0 |8 A |9 384728 |a BIBARQ |b BIBARQ |d 2019-11-22 |i 4126815 |o 759.04 PAL 1958 |p 4126815 |r 2025-01-20 |w 2019-11-22 |y BK |k ARQ | ||